00533cam a22001692 4500001001100000005001700011008004100028020001600069040001500085050002600100100003100126245009800157250001200255260002900267300001900296650004800315000000415320151217154345.0070521s xx 000 0 eng d a818333088 : aKABUcKABU 0aQA76.76b.H94B39 20051 aBayross, Ivan.@000015457010aWeb enabled commercial applications development using ... HTML, DHTML, Java Script, Perl CGI. a3rd ed. aNew Delhi :bBPB,c2005. axiv, 427,ix p. 0aHTML (Document markup language)@0000148385